[Event "Malmo op"]
[Site "Malmo"]
[Date "2014.12.13"]
[Round "2"]
[White "Hallbeck, Johan"]
[Black "Nielsen, Lars Crone"]
[Result "1/2-1/2"]
[WhiteElo "1475"]
[BlackElo "1378"]
[PlyCount "73"]
[EventDate "2014.12.12"]
[EventType "swiss"]
[EventRounds "7"]
[EventCountry "SWE"]
[SourceTitle "EXT 2016"]
[Source "ChessBase"]
[SourceDate "2015.10.08"]
[SourceVersion "1"]
[SourceVersionDate "2015.10.08"]
[SourceQuality "1"]

1. e4 e5 2. Nf3 Nf6 3. Nc3 Bc5 4. Nxe5 d6 5. Nf3 0-0 6. Bc4 h6 7. 0-0 a6 8. d3 b5 9. Bb3 Re8 10. Bf4 Nc6 11. Qd2 Kh7 12. Bxf7 Rf8 13. Bb3 Nh5 14. Be3 Bxe3 15. Qxe3 Bg4 16. Ne1 Bd7 17. Bd5 Rb8 18. Nf3 Nf4 19. Bxc6 Bxc6 20. Ne2 Ng6 21. Nfd4 Rb6 22. Nxc6 Rxc6 23. Nd4 Rc5 24. Ne6 Qe7 25. Nxc5 dxc5 26. f4 Nh4 27. g3 Ng6 28. c3 Rd8 29. Rad1 Nf8 30. e5 Ne6 31. Rf3 Rd7 32. h4 Kg8 33. f5 Nf8 34. f6 gxf6 35. Rxf6 Qh7 36. Qxh6 Qxh6 37. Rxh6 1/2-1/2